00721nam a2200193 i 4500001000700000003000900007005001700016008004100033080002000074100003000094245006600124260005600190300002200246500002700268600005300295852003700348999001900385952012300404187123ES-MaACL20230906222824.0170419s1961 xxu |||| |beng d a929 Pound, Ezra1 aMullins, Eustace.916241410aThis difficult individual, Ezra Pound / cby Eustace Mullins. aNew York : bFleet Publishing Corporation, c[1961] a388 p. ; c21 cm. aÍndice onomástico.14aPound, Ezra (d1885-1972)-xBiografías.993451 aES-MaACLjL-31447 z- enc. cart. c187123d187123 00104070aATENEOMbATENEOMcDEPO2d2017-04-19eDONl0oL-31447p1197418r2023-02-23 00:00:00w2023-02-23yMONOGRAFIA